=LDR 00000nam 2200000 4500 =001 INLIS000000000016094 =005 20200826080824 =035 ##$$a 0010-061300000016094 =008 200826################g##########0#ind## =041 ##$$a Ind =082 ##$$a 2x9.641 =090 ##$$a 2x9.641, Tib k =100 1#$$a Tibi, Bassam =245 1#$$a Krisis peradaban Islam modern, sebuah kultur pra industri dalam era ilmu pengetahuan dan teknologi, : $b sebuah kultur pra industri dalam era ilmu pengetahuan dan teknologi, /$c Bassam Tibi ; Penerjemah Yudian W. Asmin et al =260 ##$$a Yogyakarta :$b Tiara Wacana yogya,$c 1994 =300 ##$$a xxv, 212 hlm., ; $c 14 x 21 cm =650 #4$$a Islam, Peradaban =700 #$$a Asmin, Yudian W =850 ##$$a NBPNMAT =020 ##$$a 979-8120-64-3 =084 ##$$a 2x9.641 TIB k =250 ##$$a cet.1 =990 ##$$a 112.730/pro97 =990 ##$$a 112.731/pro97 =990 ##$$a 112.732/pro97